000 00377pab a2200157 454500
008 180718b2011 xxu||||| |||| 00| 0 eng d
100 _aPersaud, Avinash
245 _aDebt swap: A solution for Greece's problems
260 _c2011
300 _ap.17-18.
362 _a25 Jun
650 _aDebts
773 _aEconomic and Political Weekly
908 _aN
909 _a92237
999 _c92237
_d92237